| 000 | 00494nam a22001697a 4500 | ||
|---|---|---|---|
| 003 | BD-ChCU | ||
| 005 | 20260405090649.0 | ||
| 008 | 260405b bg ||||| |||| 00| 0 ben d | ||
| 040 | _cBD-ChCU | ||
| 082 | _a617.7 THC | ||
| 100 |
_aTheodore , Frederick H. _921094 |
||
| 245 |
_aClinical allergy and immunology of the eye./ _cFrederick H. Theodore. |
||
| 260 |
_aBaltimore , _bWilliams & Wilkins , _cC 1983 |
||
| 300 | _aviii , 140p. | ||
| 650 | 0 |
_aEye . Allergy . _921095 |
|
| 942 |
_2ddc _cBK _n0 |
||
| 999 |
_c112021 _d112021 |
||